Sports Quiz

Random Sports Quiz

Top 30 expensive players in cumulative fees Quiz Stats

 Plays Quiz not verified by Sporcle

Score 0/32 Timer 05:00
0 Plays Today
Cumulative fees Answer % Correct
£143.74mZlatan Ibrahimovic
96.4%
£94.78mCristiano Ronaldo
94.4%
£152.15mAngel Di Maria
93.9%
£85.83mRonaldo
93.7%
£119.85mGonzalo Higuain
92.6%
£98.35mGareth Bale
91.1%
£110.85mHulk
90.1%
£99.04mLuis Suarez
86.1%
£90.2mPaul Pogba
86.1%
£74.97mNeymar
84.7%
£84.58mFernando Torres
81.9%
£108.49mJames Rodriguez
80.8%
£108.26mNicolas Anelka
79.3%
£88.78mKevin De Bruyne
79.3%
£73.78mCarlos Tevez
73.8%
£87.58mFalcao
67.7%
Cumulative fees Answer % Correct
£74.5mChristian Benteke
65.6%
£88.27mRobbie Keane
63.2%
£63.79mKaka
60.7%
£78.63mAndre Schurrle
58.3%
£98.60mJuan Sebastian Veron
56.6%
£77.17mJackson Martinez
54.4%
£73.53mEdinson Cavani
53.5%
£66.73mSamuel Eto'o
52.2%
£71.40mZinedine Zidane
52.1%
£72.25mRobinho
51.5%
£69.96mArjen Robben
47.7%
£101.38mHernan Crespo
46.4%
£71.83mWillian
45.4%
£64.60mAlvaro Negredo
40.1%
£64.35mHenrikh Mkhitaryan
35.1%
£74.38mChristian Vieri
21.1%

You're not logged in!

Compare scores with friends on all Sporcle quizzes.
OR
Log In

Sporcle TV

Today on Sporcle TV


Watch our educational content, quiz creation guides, and fun videos on Sporcle TV.

Show Comments

Extras

Top Quizzes Today


Score Distribution

Your Account Isn't Verified!

In order to create a playlist on Sporcle, you need to verify the email address you used during registration. Go to your Sporcle Settings to finish the process.

Report this User

Report this user for behavior that violates our Community Guidelines.

Details: